<?xml version="1.0" encoding="UTF-8"?><?xml-stylesheet type="text/xsl" href="static/style.xsl"?><OAI-PMH xmlns="http://www.openarchives.org/OAI/2.0/" xmlns:xsi="http://www.w3.org/2001/XMLSchema-instance" xsi:schemaLocation="http://www.openarchives.org/OAI/2.0/ http://www.openarchives.org/OAI/2.0/OAI-PMH.xsd"><responseDate>2026-04-14T18:07:53Z</responseDate><request verb="GetRecord" identifier="oai:uvadoc.uva.es:10324/32010" metadataPrefix="marc">https://uvadoc.uva.es/oai/request</request><GetRecord><record><header><identifier>oai:uvadoc.uva.es:10324/32010</identifier><datestamp>2021-06-29T22:28:21Z</datestamp><setSpec>com_10324_38</setSpec><setSpec>col_10324_852</setSpec></header><metadata><record xmlns="http://www.loc.gov/MARC21/slim" xmlns:doc="http://www.lyncode.com/xoai" xmlns:xsi="http://www.w3.org/2001/XMLSchema-instance" xmlns:dcterms="http://purl.org/dc/terms/" xsi:schemaLocation="http://www.loc.gov/MARC21/slim http://www.loc.gov/standards/marcxml/schema/MARC21slim.xsd">
<leader>00925njm 22002777a 4500</leader>
<datafield tag="042" ind1=" " ind2=" ">
<subfield code="a">dc</subfield>
</datafield>
<datafield tag="720" ind1=" " ind2=" ">
<subfield code="a">González Sanz, Alberto</subfield>
<subfield code="e">author</subfield>
</datafield>
<datafield tag="260" ind1=" " ind2=" ">
<subfield code="c">2018</subfield>
</datafield>
<datafield tag="520" ind1=" " ind2=" ">
<subfield code="a">El objetivo fundamental de este trabajo es presentar una introducción elemental&#xd;
a la teoría de sistemas de ecuaciones diferenciales ordinarias (EDOs)&#xd;
lineales, y a la teoría de EDOs lineales de orden n _> 2, en el dominio complejo.&#xd;
Este propósito hace necesaria la utilización de numerosos desarrollos teóricos&#xd;
contenidos en diversas asignaturas del Grado en Matemáticas. El primer capítulo se dedica a la descripción de los sistemas que estudiaremos&#xd;
y sus propiedades básicas. El segundo capítulo se dedica al estudio de las singularidades de primera&#xd;
especie, aquellas en las que la matriz del sistema presenta un polo de orden&#xd;
uno. En el tercer capítulo se estudian EDOs lineales de orden n _> 2, en parte&#xd;
mediante su posible transformación en un sistema lineal de EDOs de orden&#xd;
uno.</subfield>
</datafield>
<datafield tag="024" ind2=" " ind1="8">
<subfield code="a">http://uvadoc.uva.es/handle/10324/32010</subfield>
</datafield>
<datafield tag="245" ind1="0" ind2="0">
<subfield code="a">Singularidades de ecuaciones diferenciales lineales en el dominio complejo</subfield>
</datafield>
</record></metadata></record></GetRecord></OAI-PMH>